La nourriture anglaise - Statistiques

Statistiques générales
  • Ce quiz a été pris 228 fois
  • Le résultat moyen est 6 sur 14
Statistiques - réponses
Par images Réponse % Correct
Muffin
90%
Fish and chips
83%
Whisky
78%
Thé
75%
Bière
74%
Apple pie
56%
Pudding
31%
Falafels
24%
Bœuf Wellington
22%
Brunch
21%
Pimm’s
19%
Haggis
17%
Cornish pasty
2%
Dîner du dimanche
1%
Aucun quiz correspondant
Distribution des résultats
% des personnes avec chaque résultat
Percentile par nombre de réponses
Votre historique - résultats
Vous n’avez pas pris ce quiz